| 000 | 01052nam a2200289 u 4500 | ||
|---|---|---|---|
| 001 | 000177964 | ||
| 003 | AM-YEHGA | ||
| 005 | 20250618071345.0 | ||
| 008 | 030329s1990 ru ||||gr|||||||||0|rus|d | ||
| 020 | _a5030002952 | ||
| 020 | _a5-03-000296-0 | ||
| 040 | _aAM-YeHGA | ||
| 041 | 1 |
_arus _heng |
|
| 100 | 1 | _aРейвн, Питер | |
| 245 | 1 | 0 |
_aСовременная ботаника : _bВ 2-х т. / _cП. Рейвн, Р. Эверт, С. Айкхорн; Пер. с англ. В.Н. Гладковой и др. ; Под ред. А.Л. Тахтаджяна. |
| 246 | 1 | 5 | _aBiology of plants |
| 260 |
_aМосква : _bМир, _c1990- |
||
| 300 |
_aтом ; _c30 см. |
||
| 505 | 0 | 0 |
_gТ. 1 (1990, 347 с.) ; _gТ. 2 (1990, 344 с.) |
| 650 | 1 | 4 | _aБотаника |
| 700 | 1 | _aЭверт, Рэй Франклин | |
| 700 | 1 | _aАйкхорн, Сьюзн | |
| 700 | 1 |
_aГладкова, В.Н. _eпер. _4trl |
|
| 700 | 1 |
_aԹախտաջյան, Արմեն Լևոնի, _d1910-2009 _eред. _4edt _93348 |
|
| 942 |
_2udc _cBK |
||
| 090 | _c62207 | ||
| 999 |
_c61170 _d61170 |
||